000 00370pab a2200145 454500
008 180718b1998 xxu||||| |||| 00| 0 eng d
100 _aSharad Kumar
245 _aHuman resource planning
260 _c1998
300 _ap.26-38
362 _aJan-Mar
650 _aHuman resources development
773 _aIndian Journal of Training and Development
909 _a38718
999 _c38718
_d38718